Expertízna činnosť v IV záverečná práca postgraduálneho štúdia

Saved in:
Bibliographic Details
Main Author: Danišová, Katarína
Corporate Author: Vysoká škola ekonomická v Bratislave
Other Authors: Škríp, Štefan
Format: Book
Language:Slovak
Published: Bratislava 1987
Tags: Add Tag
No Tags, Be the first to tag this record!

MARC

LEADER 00000nam a2200000 4500
001 c036634
005 20221219094506.3
041 0 |a slo 
044 |a SK 
245 1 0 |a Expertízna činnosť v IV  |b záverečná práca postgraduálneho štúdia  |c Katarína Danišová ; Ved. práce Štefan Škríp 
264 1 |a Bratislava  |c 1987 
300 |a 61 s. 
100 1 |a Danišová, Katarína 
700 1 |a Škríp, Štefan 
710 2 |a Vysoká škola ekonomická v Bratislave